| 000 | 00426nam a2200157 i 4500 | ||
|---|---|---|---|
| 001 | 133437 | ||
| 003 | ES-MaACL | ||
| 005 | 20230906194414.0 | ||
| 007 | t| | ||
| 008 | 070214s1915 it r ||||1| ita d | ||
| 100 | 1 |
_aRuiz, Diego. _9100600 |
|
| 245 | 1 | 0 |
_aImpromptu adversus Austriam / _cDiego Ruíz. |
| 260 |
_aRocca S. Casciano : _bLicinio Cappelli, _c1915. |
||
| 300 |
_a50 p. ; _c19 cm. |
||
| 852 |
_aES-MaACL _jT-1426-F-7 |
||
| 999 |
_c133437 _d133437 |
||